Panorama del cine iberoamericano / (Record no. 12107)

MARC details
000 -LEADER
campo de control de longitud fija 00667nam a2200217 i 4500
001 - NÚMERO DE CONTROL
campo de control 12107
003 - IDENTIFICADOR DE NÚMERO DE CONTROL
campo de control ES-MaACL
005 - FECHA Y HORA DE LA ÚLTIMA TRANSACCIÓN
campo de control 20231226133726.0
007 - CAMPO FIJO DE DESCRIPCIÓN FÍSICA--INFORMACIÓN GENERAL
campo de control de longitud fija t|
008 - DATOS DE LONGITUD FIJA--INFORMACIÓN GENERAL
campo de control de longitud fija 970410s1990 sp ||||1| spa d
020 ## - NÚMERO INTERNACIONAL ESTÁNDAR DEL LIBRO
Número Internacional Estándar del Libro 84-7232-556-3
080 ## - NÚMERO DE LA CLASIFICACIÓN DECIMAL UNIVERSAL
Número de la Clasificación Decimal Universal 791.43(8=6)
100 1# - ENTRADA PRINCIPAL--NOMBRE DE PERSONA
Nombre de persona Mahieu, José Agustín.
9 (RLIN) 75533
245 10 - MENCIÓN DEL TÍTULO
Título Panorama del cine iberoamericano /
Mención de responsabilidad, etc. Jose Agustín Mahieu ; prólogo de Luis García Berlanga.
260 ## - PUBLICACIÓN, DISTRIBUCIÓN, ETC.
Lugar de publicación, distribución, etc. Madrid :
Nombre del editor, distribuidor, etc. Cultura Hispánica,
Fecha de publicación, distribución, etc. 1990.
300 ## - DESCRIPCIÓN FÍSICA
Extensión 216 p. ;
Dimensiones 24 cm.
650 14 - PUNTO DE ACCESO ADICIONAL DE MATERIA--TÉRMINO DE MATERIA
Término de materia o nombre geográfico como elemento de entrada Cine-
Subdivisión geográfica América Latina.
9 (RLIN) 11013
700 1# - ENTRADA AGREGADA--NOMBRE PERSONAL
Nombre de persona García Berlanga, Luis,
Fechas asociadas al nombre 1921-2010
9 (RLIN) 171047
852 ## - LOCALIZACIÓN
Ubicación ES-MaACL
Número de control de estantería L-19438
Holdings
Estatus retirado Estado de pérdida Estado de daño No para préstamo Biblioteca de origen Biblioteca actual Ubicación en estantería Fecha de adquisición Fuente de adquisición Total de préstamos Signatura topográfica completa Código de barras Visto por última vez Precio de reemplazo Tipo de ítem Koha
        Biblioteca del Ateneo de Madrid Biblioteca del Ateneo de Madrid Depósito 2 17/01/2008     L-19438 1012336 23/02/2023 23/02/2023 Libro impreso